000 00292nam a22001337a 4500
008 171030b xxu||||| |||| 00| 0 eng d
020 _a0155056123
041 _aeng
080 _a33
100 _a58
101 _aBUS
245 _aBUSINESS COMMUNICATION
_cADELSTEIN,.M.E
942 _2udc
_cBK
999 _c36527
_d36527